[Event "Chicago op 25th"]
[Site "Chicago"]
[Date "2016.05.29"]
[Round "6"]
[White "Hernandez Carmenates, Holden"]
[Black "Felecan, Florin"]
[Result "0-1"]
[WhiteElo "2518"]
[BlackElo "2320"]
[PlyCount "66"]
[EventDate "2016.05.26"]
[EventType "swiss"]
[EventRounds "9"]
[EventCountry "USA"]
[SourceTitle "CBM 172 Extra"]
[Source "ChessBase"]
[SourceDate "2016.06.21"]
[SourceVersion "1"]
[SourceVersionDate "2016.06.21"]
[SourceQuality "1"]

1. d4 d6 2. Nf3 g6 3. e4 Bg7 4. Bc4 Nc6 5. 0-0 Nf6 6. Qe2 Bg4 7. c3 0-0 8. Nbd2 e5 9. d5 Ne7 10. h3 Bd7 11. Re1 c6 12. dxc6 Bxc6 13. Bb5 Nh5 14. Nf1 h6 15. a4 d5 16. Bxc6 bxc6 17. g4 dxe4 18. Qxe4 Nf6 19. Qxe5 Ned5 20. Qd4 Re8 21. Qc4 Rxe1 22. Nxe1 Qd6 23. Be3 Re8 24. Ng2 Nxe3 25. Ngxe3 Ne4 26. Kg2 Qf6 27. Qe2 Ng5 28. Ng3 Bf8 29. Rd1 Re5 30. h4 Ne6 31. Qf3 Qxh4 32. Ne4 Rxe4 33. Rh1 Nf4+ 0-1

[Event "Las Vegas Millionaire op"]
[Site "Las Vegas"]
[Date "2014.10.12"]
[Round "7"]
[White "Wang, Qibiao"]
[Black "Felecan, Florin"]
[Result "1-0"]
[WhiteElo "2174"]
[BlackElo "2355"]
[PlyCount "81"]
[EventDate "2014.10.09"]
[EventType "swiss"]
[EventRounds "9"]
[EventCountry "USA"]
[SourceTitle "CBM 162 Extra"]
[Source "ChessBase"]
[SourceDate "2014.10.17"]
[SourceVersion "1"]
[SourceVersionDate "2014.10.17"]
[SourceQuality "1"]

1. e4 d6 2. d4 g6 3. Nc3 Bg7 4. Nf3 Nf6 5. h3 0-0 6. Be3 a6 7. a4 b6 8. Bd3 Bb7 9. 0-0 Nc6 10. d5 Nb4 11. Bc4 c6 12. Bb3 Rc8 13. Qd2 cxd5 14. Nxd5 Nbxd5 15. exd5 Ne4 16. Qb4 Nc5 17. c3 a5 18. Qa3 Qc7 19. Rfe1 Rfe8 20. Rad1 Ba6 21. Bc2 b5 22. axb5 Bxb5 23. Nd4 Bd7 24. Bg5 e5 25. dxe6 fxe6 26. b4 Bxd4 27. Rxd4 e5 28. Rc4 Be6 29. bxc5 Bxc4 30. cxd6 Qf7 31. Be7 Rf8 32. Bxf8 Rxf8 33. Qc5 Qf4 34. f3 Bf7 35. d7 Qd2 36. Rd1 Qxc2 37. d8Q Rxd8 38. Rxd8+ Kg7 39. Qxe5+ Kh6 40. Rd4 g5 41. h4 1-0

[Event "Chicago op 22nd"]
[Site "Wheeling"]
[Date "2013.05.24"]
[Round "3"]
[White "Colas, Joshua"]
[Black "Felecan, Florin"]
[Result "1/2-1/2"]
[WhiteElo "2201"]
[BlackElo "2375"]
[PlyCount "95"]
[EventDate "2013.05.23"]
[EventType "swiss"]
[EventRounds "9"]
[EventCountry "USA"]
[SourceTitle "CBM 154 Extra"]
[Source "ChessBase"]
[SourceDate "2013.06.25"]
[SourceVersion "2"]
[SourceVersionDate "2013.06.25"]
[SourceQuality "1"]

1. e4 d6 2. d4 g6 3. Nc3 Bg7 4. Be3 Nf6 5. f3 0-0 6. Bc4 e6 7. Bb3 d5 8. exd5 exd5 9. Qd2 c6 10. 0-0-0 b5 11. g4 Re8 12. Bh6 Bh8 13. h4 Nbd7 14. h5 Nb6 15. hxg6 fxg6 16. Bg5 a5 17. a4 bxa4 18. Nxa4 Ra7 19. Ne2 Ba6 20. Nf4 Nxa4 21. Bxa4 Bb5 22. Bxb5 cxb5 23. Rde1 Rxe1+ 24. Rxe1 b4 25. Re5 h6 26. Rxd5 Rd7 27. Rxd7 Qxd7 28. Bxh6 Qf7 29. Kb1 b3 30. cxb3 Nd5 31. Nxd5 Qxd5 32. Qg5 Qd6 33. f4 Kh7 34. Qc5 Qe6 35. Bg5 Qxb3 36. f5 Qd1+ 37. Bc1 Qxg4 38. fxg6+ Qxg6+ 39. Ka1 a4 40. d5 Qf5 41. Ka2 Bg7 42. Qc4 Bf8 43. Qh4+ Kg6 44. Qg3+ Kf6 45. Qg8 Ke7 46. Bd2 Kd7 47. Bc3 a3 48. Qe6+ 1/2-1/2

[Event "Chicago op 21st"]
[Site "Wheeling"]
[Date "2012.05.27"]
[Round "6"]
[White "Felecan, Florin"]
[Black "Perelshteyn, Eugene"]
[Result "0-1"]
[WhiteElo "2399"]
[BlackElo "2526"]
[PlyCount "106"]
[EventDate "2012.05.24"]
[EventType "swiss"]
[EventRounds "9"]
[EventCountry "USA"]
[SourceTitle "CBM 148 Extra"]
[Source "ChessBase"]
[SourceDate "2012.06.22"]
[SourceVersion "1"]
[SourceVersionDate "2012.06.22"]
[SourceQuality "1"]

1. c4 Nf6 2. g3 g6 3. Bg2 Bg7 4. Nc3 0-0 5. d3 d6 6. e4 c5 7. Nge2 Nc6 8. 0-0 Ne8 9. a3 Nc7 10. Rb1 a5 11. Bd2 Bg4 12. f3 Bd7 13. Kh1 Rb8 14. a4 Na6 15. Nb5 Nab4 16. Bc3 Ne5 17. f4 Ng4 18. Qd2 e5 19. h3 Nh6 20. Nxd6 Bxh3 21. Bxh3 Qxd6 22. Rbd1 f6 23. fxe5 fxe5 24. Bxb4 axb4 25. Qg5 Rxf1+ 26. Bxf1 Nf7 27. Qh4 h5 28. Ng1 Bf6 29. Qh2 Ng5 30. Be2 Kg7 31. Nf3 Rh8 32. Nh4 Ne6 33. Rf1 Qe7 34. Ng2 Bg5 35. Kg1 Nd4 36. Bd1 Qe6 37. b3 b6 38. Nh4 Bxh4 39. Qxh4 Re8 40. Kg2 Qe7 41. Qh3 Ne6 42. Kg1 Qg5 43. Kh1 Re7 44. Bf3 Qe3 45. Bg2 Qxd3 46. Kh2 Qxb3 47. Rf5 gxf5 48. exf5 Qe3 49. fxe6 Qg5 50. Be4 Qg4 51. Qg2 h4 52. Qd2 hxg3+ 53. Kg1 Qf4 0-1

[Event "USA tt"]
[Site "ICC INT"]
[Date "2011.10.31"]
[Round "10"]
[White "Altounian, Levon"]
[Black "Felecan, Florin"]
[Result "1-0"]
[WhiteElo "2429"]
[BlackElo "2381"]
[PlyCount "81"]
[EventDate "2011.08.29"]
[EventType "team-tourn"]
[EventRounds "10"]
[EventCountry "USA"]
[SourceTitle "EXT 2012"]
[Source "ChessBase"]
[SourceDate "2011.11.24"]
[SourceVersion "1"]
[SourceVersionDate "2011.11.24"]
[SourceQuality "1"]
[WhiteTeam "Arizona"]
[BlackTeam "Chicago"]
[WhiteTeamCountry "USA"]
[BlackTeamCountry "USA"]

1. Nf3 Nf6 2. g3 g6 3. b3 Bg7 4. Bb2 d5 5. c4 c6 6. Bg2 0-0 7. 0-0 Bg4 8. d3 Bxf3 9. Bxf3 e6 10. Nd2 a5 11. a3 Na6 12. d4 Ne8 13. e3 f5 14. Be2 g5 15. Nf3 Nd6 16. Ne5 Nf7 17. Nd3 Nd6 18. Qc2 a4 19. c5 Nf7 20. bxa4 g4 21. h3 Ng5 22. hxg4 Ne4 23. Nf4 Nc7 24. Kg2 Rb8 25. Rab1 Qe7 26. Rh1 fxg4 27. Bd3 Rf5 28. Bxe4 dxe4 29. Qxe4 Rbf8 30. Rh5 Qf7 31. Rbh1 Nd5 32. Rxh7 Qg6 33. Rxg7+ Kxg7 34. Rh4 Nxf4+ 35. gxf4 Kf7 36. Kg3 Rg8 37. Qh1 Rf6 38. d5 cxd5 39. Rh7+ Rg7 40. Rxg7+ Qxg7 41. Qh4 1-0

[Event "USA tt"]
[Site "ICC INT"]
[Date "2010.09.20"]
[Round "5"]
[White "Aldama Degurnay, Dionisio"]
[Black "Felecan, Florin"]
[Result "1/2-1/2"]
[WhiteElo "2141"]
[BlackElo "2398"]
[PlyCount "50"]
[EventDate "2010.08.23"]
[EventType "team"]
[EventRounds "10"]
[EventCountry "USA"]
[SourceTitle "CBM 138 Extra"]
[Source "ChessBase"]
[SourceDate "2010.10.29"]
[SourceVersion "1"]
[SourceVersionDate "2010.10.29"]
[SourceQuality "1"]

1. e4 d6 2. d4 Nf6 3. Nc3 g6 4. f3 c6 5. Be3 Bg7 6. Qd2 0-0 7. 0-0-0 b5 8. Bh6 Bxh6 9. Qxh6 b4 10. Nce2 Qa5 11. Kb1 c5 12. h4 Nc6 13. h5 cxd4 14. hxg6 Be6 15. gxh7+ Kh8 16. b3 Rfc8 17. Nh3 d3 18. Rxd3 Ne5 19. Nd4 Nxd3 20. Nxe6 fxe6 21. Ng5 Qxa2+ 22. Kxa2 Rxc2+ 23. Kb1 Rc1+ 24. Ka2 Rc2+ 25. Kb1 Rc1+ 1/2-1/2

[Event "USA tt"]
[Site "ICC INT"]
[Date "2010.09.13"]
[Round "4"]
[White "Felecan, Florin"]
[Black "Matikozian, Andranik"]
[Result "0-1"]
[WhiteElo "2398"]
[BlackElo "2478"]
[PlyCount "76"]
[EventDate "2010.08.23"]
[EventType "team"]
[EventRounds "10"]
[EventCountry "USA"]
[SourceTitle "CBM 138 Extra"]
[Source "ChessBase"]
[SourceDate "2010.10.29"]
[SourceVersion "1"]
[SourceVersionDate "2010.10.29"]
[SourceQuality "1"]

1. e4 Nc6 2. Nc3 d6 3. Bc4 Nf6 4. d3 a6 5. Bg5 e6 6. Nf3 Na5 7. 0-0 b5 8. Bb3 Bb7 9. Ne2 c5 10. c3 Nxb3 11. axb3 Be7 12. Ng3 0-0 13. Qd2 Re8 14. h3 h6 15. Be3 Qc7 16. Nh2 c4 17. Ng4 cxd3 18. Nxf6+ Bxf6 19. Qxd3 d5 20. f4 Bh4 21. Bd4 dxe4 22. Qe3 Kh7 23. Nh5 Rg8 24. g4 f6 25. Rad1 Qc6 26. Kh2 Rad8 27. Rg1 Rd7 28. g5 fxg5 29. Rg4 e5 30. fxe5 Rf8 31. Ng3 Bxg3+ 32. Rxg3 Rdf7 33. Rdg1 Rf3 34. Rxf3 Rxf3 35. Qe2 e3 36. Qd3+ Kh8 37. Bxe3 Rxh3+ 38. Kxh3 Qf3+ 0-1

[Event "USA tt"]
[Site "ICC INT"]
[Date "2009.10.19"]
[Round "8"]
[White "Aldama Degurnay, Dionisio"]
[Black "Felecan, Florin"]
[Result "1-0"]
[WhiteElo "2141"]
[BlackElo "2399"]
[PlyCount "101"]
[EventDate "2009.08.31"]
[EventType "team (rapid)"]
[EventRounds "10"]
[EventCountry "USA"]
[SourceTitle "CBM 132 Extra"]
[Source "ChessBase"]
[SourceDate "2009.11.03"]
[SourceVersion "1"]
[SourceVersionDate "2009.11.03"]
[SourceQuality "1"]

1. e4 c5 2. Nf3 d6 3. d4 cxd4 4. Nxd4 Nf6 5. Nc3 g6 6. Be2 Bg7 7. 0-0 0-0 8. Bg5 Nc6 9. Nb3 a6 10. a4 Be6 11. Bh4 Rc8 12. f4 Nb4 13. Nd4 Bc4 14. Kh1 e5 15. Nb3 Bxe2 16. Qxe2 h6 17. Rad1 Qe7 18. fxe5 dxe5 19. Nd5 Nbxd5 20. exd5 Rfd8 21. c4 g5 22. Bg3 Qb4 23. Nd2 Qxa4 24. b3 Qd7 25. Ne4 Nxe4 26. Qxe4 b5 27. Rc1 bxc4 28. bxc4 a5 29. Rfd1 f5 30. Qe2 e4 31. Be1 a4 32. c5 a3 33. c6 Qa7 34. Qa2 Qf7 35. Ba5 Bb2 36. Bxd8 Bxc1 37. Rxc1 Rxd8 38. h3 Kh7 39. Qxa3 Qxd5 40. c7 Rc8 41. Qe7+ Kg6 42. Rc5 Qf7 43. Rc6+ Kg7 44. Qd8 Qf8 45. Rd6 e3 46. Qd7+ Qf7 47. Qxc8 e2 48. Re6 f4 49. Rxe2 f3 50. Rf2 fxg2+ 51. Kg1 1-0

[Event "Chicago op 18th"]
[Site "Chicago"]
[Date "2009.05.24"]
[Round "4"]
[White "Smith, Bryan G"]
[Black "Felecan, Florin"]
[Result "1-0"]
[WhiteElo "2474"]
[BlackElo "2409"]
[PlyCount "77"]
[EventDate "2009.05.22"]
[EventType "swiss"]
[EventRounds "7"]
[EventCountry "USA"]
[SourceTitle "CBM 130 Extra"]
[Source "ChessBase"]
[SourceDate "2009.07.02"]
[SourceVersion "2"]
[SourceVersionDate "2009.07.15"]
[SourceQuality "1"]

1. e4 c5 2. Nf3 g6 3. d4 Bg7 4. dxc5 Qa5+ 5. c3 Qxc5 6. Na3 d6 7. Nb5 a6 8. Be3 Qc6 9. Na7 Rxa7 10. Bxa7 Qxe4+ 11. Be3 Nf6 12. Bd3 Qc6 13. 0-0 0-0 14. Qd2 Re8 15. Rfe1 b6 16. c4 Bb7 17. Bd4 Nbd7 18. Rac1 e5 19. Bc3 Nc5 20. Bf1 Nce4 21. Qc2 Ng4 22. Re2 f5 23. Be1 Ngf6 24. b4 Bh6 25. Rd1 Rc8 26. Nd2 Ng5 27. Qb3 Nf7 28. f3 d5 29. cxd5 Nxd5 30. Bf2 e4 31. fxe4 Nc3 32. Rde1 Nxe2+ 33. Rxe2 Bxd2 34. Rxd2 fxe4 35. b5 axb5 36. Bxb5 Qc1+ 37. Rd1 Qf4 38. Be3 Qc7 39. Rd7 1-0

[Event "Chicago North Am 12th"]
[Site "Chicago"]
[Date "2008.06.25"]
[Round "7"]
[White "Young, Angelo"]
[Black "Felecan, Florin"]
[Result "0-1"]
[WhiteElo "2381"]
[BlackElo "2377"]
[PlyCount "128"]
[EventDate "2008.06.21"]
[EventType "tourn"]
[EventRounds "9"]
[EventCountry "USA"]
[EventCategory "3"]
[SourceTitle "CBM 125 Extra"]
[Source "ChessBase"]
[SourceDate "2008.09.01"]
[SourceVersion "1"]
[SourceVersionDate "2008.09.01"]
[SourceQuality "1"]

1. Nf3 d6 2. d4 g6 3. c3 Bg7 4. Bf4 Nc6 5. h3 e5 6. dxe5 dxe5 7. Qxd8+ Kxd8 8. Bg5+ f6 9. Be3 b6 10. Na3 Bb7 11. g4 Nge7 12. Bg2 Kc8 13. 0-0-0 Rd8 14. Bd2 Rd7 15. Rhg1 Nd8 16. Nh4 Ne6 17. Bxb7+ Kxb7 18. e4 Nc5 19. f3 Nd3+ 20. Kc2 Nf2 21. Rdf1 Nxh3 22. Rh1 Ng5 23. Bxg5 fxg5 24. Ng2 Rh8 25. Rh3 h5 26. Rfh1 h4 27. Nc4 b5 28. Nd2 Rhd8 29. Nb3 Kb6 30. Ne3 a5 31. R3h2 a4 32. Nd2 c6 33. Rd1 Ng8 34. b3 axb3+ 35. Nxb3 Rxd1 36. Nxd1 Bf8 37. Nf2 Be7 38. Nd3 Ra8 39. Kd1 Nf6 40. Rd2 Nd7 41. Nf2 Nf8 42. Nd3 Bd6 43. Nf2 Kc7 44. Rc2 Ne6 45. Nh3 Be7 46. Nc1 c5 47. Rb2 Kc6 48. Nd3 Bd6 49. Ne1 Ra3 50. Kd2 c4 51. Nc2 Ra8 52. Ne3 Ba3 53. Rc2 Rd8+ 54. Ke2 Rd3 55. Nd5 Nf4+ 56. Ndxf4 gxf4 57. Kf2 Bc5+ 58. Kg2 Be3 59. Ng5 Rd2+ 60. Rxd2 Bxd2 61. Nh7 Bxc3 62. Nf6 b4 63. Nd5 Bd2 64. Kf1 b3 0-1

[Event "Chicago North Am 12th"]
[Site "Chicago"]
[Date "2008.06.24"]
[Round "6"]
[White "Felecan, Florin"]
[Black "Tate, Emory"]
[Result "0-1"]
[WhiteElo "2377"]
[BlackElo "2378"]
[PlyCount "91"]
[EventDate "2008.06.21"]
[EventType "tourn"]
[EventRounds "9"]
[EventCountry "USA"]
[EventCategory "3"]
[SourceTitle "CBM 125 Extra"]
[Source "ChessBase"]
[SourceDate "2008.09.01"]
[SourceVersion "1"]
[SourceVersionDate "2008.09.01"]
[SourceQuality "1"]

1. d4 Nf6 2. Nf3 d6 3. g3 Bd7 4. Bg2 Qc8 5. 0-0 Bh3 6. Nc3 Bxg2 7. Kxg2 d5 8. Qd3 e6 9. e4 c6 10. Bg5 Nbd7 11. e5 Ng8 12. Ne2 Ne7 13. b3 h6 14. Bd2 b6 15. Nf4 Qb7 16. c4 dxc4 17. bxc4 g5 18. Ne2 c5 19. Kg1 0-0-0 20. Qc3 g4 21. Nh4 Bg7 22. f4 gxf3 23. Nxf3 cxd4 24. Qa3 Nc6 25. c5 Nxc5 26. Rac1 Kb8 27. Bf4 Rd5 28. Rfd1 Rhd8 29. Rc4 Bf8 30. Qc1 d3 31. Nc3 Nd4 32. Nxd4 Rxd4 33. Rxd4 Rxd4 34. Nb5 Rb4 35. Nd6 Qd5 36. a3 Ra4 37. Bxh6 Bxd6 38. exd6 Qxd6 39. Be3 Qd5 40. Bxc5 Rc4 41. Bd6+ Kb7 42. Qe3 Rc2 43. Rd2 Rxd2 44. Qxd2 Qxd6 45. a4 Qd4+ 46. Kg2 0-1

[Event "Chicago North Am 12th"]
[Site "Chicago"]
[Date "2008.06.23"]
[Round "5"]
[White "Arnold, Marc Tyler"]
[Black "Felecan, Florin"]
[Result "0-1"]
[WhiteElo "2276"]
[BlackElo "2377"]
[PlyCount "58"]
[EventDate "2008.06.21"]
[EventType "tourn"]
[EventRounds "9"]
[EventCountry "USA"]
[EventCategory "3"]
[SourceTitle "CBM 125 Extra"]
[Source "ChessBase"]
[SourceDate "2008.09.01"]
[SourceVersion "1"]
[SourceVersionDate "2008.09.01"]
[SourceQuality "1"]

1. d4 Nf6 2. c4 e5 3. dxe5 Ng4 4. Bf4 Bb4+ 5. Nd2 d6 6. exd6 Qf6 7. Nh3 Nxf2 8. Kxf2 Bxh3 9. g3 Bc5+ 10. e3 Bf5 11. Nf3 cxd6 12. Qe2 h6 13. h4 0-0 14. Bh3 Bxh3 15. Rxh3 Nd7 16. Rd1 Rfe8 17. Kg2 Re4 18. Rhh1 Rae8 19. Rd3 Qe6 20. Nd2 Bxe3 21. Rxe3 Rxe3 22. Qxe3 Qxe3 23. Bxe3 Rxe3 24. Kf2 Rd3 25. Ne4 Nc5 26. Nxc5 dxc5 27. Re1 Rd2+ 28. Re2 Rxe2+ 29. Kxe2 Kf8 0-1

[Event "Chicago op 17th"]
[Site "Chicago"]
[Date "2008.05.26"]
[Round "6"]
[White "Becerra Rivero, Julio"]
[Black "Felecan, Florin"]
[Result "1-0"]
[WhiteElo "2575"]
[BlackElo "2377"]
[PlyCount "71"]
[EventDate "2008.05.23"]
[EventType "swiss"]
[EventRounds "7"]
[EventCountry "USA"]
[SourceTitle "CBM 124 Extra"]
[Source "ChessBase"]
[SourceDate "2008.07.03"]
[SourceVersion "1"]
[SourceVersionDate "2008.07.03"]
[SourceQuality "1"]

1. e4 c5 2. Nf3 d6 3. d4 cxd4 4. Nxd4 Nf6 5. Nc3 a6 6. Be3 e5 7. Nb3 Be7 8. f3 Be6 9. Qd2 Nbd7 10. g4 h6 11. 0-0-0 Rc8 12. Kb1 b5 13. h4 Nb6 14. Qe1 Qc7 15. Rh2 Nc4 16. Bxc4 bxc4 17. Nc1 Rb8 18. N1e2 d5 19. exd5 Nxd5 20. Bc1 Nxc3+ 21. Nxc3 0-0 22. g5 h5 23. Re2 Qb7 24. Rxe5 Ba3 25. Nb5 axb5 26. bxa3 b4 27. axb4 c3 28. Ba3 Rfc8 29. Rd3 Qc6 30. Ree3 Qc4 31. Rxc3 Qxa2+ 32. Kc1 Bf5 33. Bb2 Rd8 34. Rc5 Qa6 35. Rxf5 Rxb4 36. Qxb4 1-0

[Event "Chicago North Am 04th"]
[Site "Chicago"]
[Date "2007.??.??"]
[Round "3"]
[White "Arjun, Vishnuvardhan"]
[Black "Felecan, Florin"]
[Result "1/2-1/2"]
[WhiteElo "2270"]
[BlackElo "2365"]
[PlyCount "69"]
[EventDate "2007.??.??"]
[EventType "tourn"]
[EventRounds "9"]
[EventCountry "USA"]
[EventCategory "2"]
[SourceTitle "EXT 2010"]
[Source "ChessBase"]
[SourceDate "2010.11.25"]
[SourceVersion "1"]
[SourceVersionDate "2010.11.25"]
[SourceQuality "1"]

1. e4 c5 2. Nc3 a6 3. g3 b5 4. Bg2 Bb7 5. d3 h5 6. f4 e6 7. Be3 Nf6 8. h3 d5 9. e5 Nfd7 10. Bf2 g5 11. Nf3 gxf4 12. gxf4 Nc6 13. Bh4 Be7 14. Bxe7 Nxe7 15. Qd2 Nf5 16. Ng5 b4 17. Ne2 Nh4 18. Rg1 Rg8 19. Bh1 Qb6 20. 0-0-0 Rc8 21. Ng3 Qa5 22. Kb1 Nb6 23. Nxh5 Na4 24. Nf6+ Ke7 25. Nxg8+ Rxg8 26. Ka1 Nf5 27. Nf3 Rb8 28. Qg2 Kd7 29. Qg5 Kc6 30. Qf6 Bc8 31. Qxf7 Nc3 32. bxc3 b3 33. cxb3 Qxc3+ 34. Kb1 Rxb3+ 35. axb3 1/2-1/2

[Event "Chicago North Am 04th"]
[Site "Chicago"]
[Date "2007.??.??"]
[Round "2"]
[White "Felecan, Florin"]
[Black "Kraai, Jesse"]
[Result "1/2-1/2"]
[WhiteElo "2365"]
[BlackElo "2455"]
[PlyCount "60"]
[EventDate "2007.??.??"]
[EventType "tourn"]
[EventRounds "9"]
[EventCountry "USA"]
[EventCategory "2"]
[SourceTitle "EXT 2010"]
[Source "ChessBase"]
[SourceDate "2010.11.25"]
[SourceVersion "1"]
[SourceVersionDate "2010.11.25"]
[SourceQuality "1"]

1. Nf3 Nf6 2. g3 d5 3. Bg2 Bg4 4. c4 c6 5. cxd5 cxd5 6. Ne5 Bf5 7. Qa4+ Bd7 8. Nxd7 Qxd7 9. Qxd7+ Kxd7 10. 0-0 Nc6 11. b3 e6 12. Bb2 Be7 13. Nc3 Rac8 14. Rac1 Rhd8 15. Nb5 Bb4 16. a3 Bf8 17. b4 a5 18. bxa5 Nxa5 19. d3 Rxc1 20. Rxc1 Rc8 21. Rxc8 Kxc8 22. Bc3 Nb3 23. e4 d4 24. Nxd4 Nxd4 25. Bxd4 Bxa3 26. Kf1 Bf8 27. Ke2 Nd7 28. f4 g6 29. Be3 Kc7 30. g4 b5 1/2-1/2

[Event "Chicago North Am 04th"]
[Site "Chicago"]
[Date "2007.??.??"]
[Round "8"]
[White "Vigorito, David"]
[Black "Felecan, Florin"]
[Result "1/2-1/2"]
[WhiteElo "2345"]
[BlackElo "2365"]
[PlyCount "61"]
[EventDate "2007.??.??"]
[EventType "tourn"]
[EventRounds "9"]
[EventCountry "USA"]
[EventCategory "2"]
[SourceTitle "EXT 2010"]
[Source "ChessBase"]
[SourceDate "2010.11.25"]
[SourceVersion "1"]
[SourceVersionDate "2010.11.25"]
[SourceQuality "1"]

1. d4 g6 2. c4 Bg7 3. e4 d6 4. Nf3 Nf6 5. Nc3 0-0 6. Be2 Bg4 7. Be3 Nfd7 8. Rc1 e5 9. d5 a5 10. a3 Na6 11. Rb1 f5 12. h3 Bxf3 13. Bxf3 Nac5 14. b4 axb4 15. axb4 Ra3 16. bxc5 Rxc3 17. 0-0 Rxe3 18. fxe3 Nxc5 19. exf5 gxf5 20. e4 Qg5 21. Qe2 Kh8 22. Kh2 Rg8 23. g4 Bf6 24. Rbe1 Qh4 25. Bg2 fxg4 26. Rf5 gxh3 27. Bf3 Qg3+ 28. Kh1 Nd3 29. Rf1 Nf4 30. Qh2 Qg6 31. Rg1 1/2-1/2

[Event "US Open-107"]
[Site "Chicago"]
[Date "2006.08.09"]
[Round "5"]
[White "Felecan, Florin"]
[Black "Goldstein, Brian"]
[Result "1-0"]
[WhiteElo "2376"]
[BlackElo "2109"]
[PlyCount "59"]
[EventDate "2006.08.05"]
[EventType "swiss"]
[EventRounds "9"]
[EventCountry "USA"]
[SourceTitle "CBM 113 Extra"]
[Source "ChessBase"]
[SourceDate "2006.09.14"]
[SourceVersion "1"]
[SourceVersionDate "2006.09.14"]
[SourceQuality "1"]

1. e4 c6 2. Nc3 d5 3. Nf3 dxe4 4. Nxe4 Nf6 5. Nxf6+ gxf6 6. g3 Bg4 7. Bg2 Nd7 8. h3 Bh5 9. d4 e5 10. 0-0 Qc7 11. g4 Bg6 12. Nh4 0-0-0 13. b4 h5 14. Nxg6 fxg6 15. g5 Bxb4 16. Rb1 Be7 17. Be3 fxg5 18. d5 Nb6 19. c4 c5 20. Qc2 Bd6 21. a4 g4 22. a5 Nd7 23. Rb2 g5 24. Rfb1 gxh3 25. Rxb7 Qxb7 26. Rxb7 Kxb7 27. Qa4 Nb8 28. Be4 Rhf8 29. a6+ Ka8 30. Bxc5 1-0

[Event "US Open-99"]
[Site "Kailua Kona"]
[Date "1998.08.05"]
[Round "5"]
[White "Felecan, Florin"]
[Black "Krush, Irina"]
[Result "1/2-1/2"]
[WhiteElo "2380"]
[BlackElo "2275"]
[PlyCount "76"]
[EventDate "1998.08.01"]
[EventType "swiss"]
[EventRounds "9"]
[EventCountry "USA"]
[SourceTitle "EXT 1999"]
[Source "ChessBase"]
[SourceDate "1998.11.16"]
[SourceVersion "1"]
[SourceVersionDate "1998.11.16"]
[SourceQuality "1"]

1. c4 e5 2. Nc3 Nf6 3. Nf3 Nc6 4. g3 d5 5. cxd5 Nxd5 6. Bg2 Nb6 7. 0-0 Be7 8. Rb1 Be6 9. b4 f6 10. b5 Nd4 11. Ne1 Rb8 12. e3 Nf5 13. a4 0-0 14. d3 a5 15. Bd2 Nd7 16. Nd5 b6 17. Nxe7+ Qxe7 18. Bc1 Rfd8 19. Qc2 Qc5 20. Qb2 Qd6 21. Qa1 Nc5 22. Ba3 Ne7 23. Rc1 c6 24. bxc6 Nxc6 25. Bxc5 bxc5 26. Qc3 c4 27. dxc4 Nb4 28. c5 Qc7 29. Qa3 Na2 30. Ra1 Nb4 31. Rc1 Na2 32. Rc2 Nb4 33. Rc3 Na2 34. Rd3 Nb4 35. Rc3 Na2 36. Rc2 Nb4 37. Rc1 Na2 38. Rc2 Nb4 1/2-1/2

[Event "Bucharest TICC"]
[Site "Bucharest"]
[Date "1997.??.??"]
[Round "?"]
[White "Felecan, Florin"]
[Black "Dumitrescu, Dragos"]
[Result "0-1"]
[WhiteElo "2380"]
[BlackElo "2380"]
[PlyCount "80"]
[EventDate "1997.??.??"]
[EventType "tourn"]
[EventRounds "14"]
[EventCountry "ROU"]
[EventCategory "5"]
[SourceTitle "EXT 2001"]
[Source "ChessBase"]
[SourceDate "2000.11.22"]
[SourceVersion "1"]
[SourceVersionDate "2000.11.22"]
[SourceQuality "1"]

1. e4 c5 2. d3 g6 3. g3 Bg7 4. Bg2 Nc6 5. f4 e5 6. Nf3 Nge7 7. 0-0 0-0 8. Nc3 d6 9. Nd5 Nxd5 10. exd5 Ne7 11. fxe5 Nxd5 12. exd6 Qxd6 13. Ng5 Bf5 14. Ne4 Qb6 15. c3 Rad8 16. Qb3 h6 17. Qc4 Rfe8 18. Kh1 Nf6 19. Nxc5 Rc8 20. d4 Ne4 21. Bxe4 Bxe4+ 22. Kg1 Bf5 23. Qd5 Re2 24. Qf3 Rce8 25. g4 Bc8 26. Nd3 f5 27. g5 Bd7 28. Nf2 Bc6 29. d5 Bb5 30. Bf4 hxg5 31. Bxg5 Rxb2 32. Rfe1 Bxc3 33. Rxe8+ Bxe8 34. Be3 Bd4 35. Re1 Bf7 36. Nd3 Rb1 37. Bf2 Rxe1+ 38. Nxe1 Bxf2+ 39. Qxf2 Qxf2+ 40. Kxf2 Bxd5 0-1

[Event "Bucharest TICC"]
[Site "Bucharest"]
[Date "1997.??.??"]
[Round "?"]
[White "Felecan, Florin"]
[Black "Kamenets, Anatolij"]
[Result "0-1"]
[WhiteElo "2380"]
[BlackElo "2250"]
[PlyCount "88"]
[EventDate "1997.??.??"]
[EventType "tourn"]
[EventRounds "14"]
[EventCountry "ROU"]
[EventCategory "5"]
[SourceTitle "EXT 2001"]
[Source "ChessBase"]
[SourceDate "2000.11.22"]
[SourceVersion "1"]
[SourceVersionDate "2000.11.22"]
[SourceQuality "1"]

1. c4 g6 2. g3 Bg7 3. Bg2 c5 4. e3 Nc6 5. Ne2 e5 6. 0-0 Nge7 7. Nbc3 d6 8. a3 Be6 9. Nd5 0-0 10. Rb1 a5 11. b3 Rb8 12. Nec3 b6 13. Bb2 Qd7 14. Nb5 Bg4 15. f3 Bf5 16. e4 Be6 17. f4 f5 18. d3 Kh8 19. Qd2 Ng8 20. Rbe1 Nh6 21. Bc3 Nd4 22. Bxd4 exd4 23. Nbc7 Bg8 24. e5 dxe5 25. fxe5 Bxd5 26. Nxd5 Ng4 27. Qf4 Rfe8 28. e6 Rxe6 29. Rxe6 Qxe6 30. Qc7 Bh6 31. h3 Be3+ 32. Kh1 Nf2+ 33. Kh2 Nxd3 34. Nxb6 f4 35. Bd5 Qe5 36. Qxe5+ Nxe5 37. Kg2 g5 38. Na4 d3 39. Nc3 Kg7 40. Ne4 f3+ 41. Kh2 h5 42. Re1 f2 43. Rf1 d2 44. Kg2 Nd3 0-1

[Event "ROM-chT"]
[Site "Baile Tusnad"]
[Date "1997.??.??"]
[Round "?"]
[White "Vajda, Albert"]
[Black "Felecan, Florin"]
[Result "1-0"]
[WhiteElo "2385"]
[BlackElo "2380"]
[PlyCount "54"]
[EventDate "1997.??.??"]
[EventType "team-tourn"]
[EventRounds "5"]
[EventCountry "ROU"]
[SourceTitle "EXT 1999"]
[Source "ChessBase"]
[SourceDate "1998.11.16"]
[SourceVersion "1"]
[SourceVersionDate "1998.11.16"]
[SourceQuality "1"]

1. e4 g6 2. Nc3 Bg7 3. h4 c6 4. h5 d5 5. exd5 cxd5 6. Qf3 e6 7. Bb5+ Bd7 8. Nge2 Qb6 9. Bxd7+ Nxd7 10. hxg6 hxg6 11. Rxh8 Bxh8 12. Qh3 Be5 13. d4 Bxd4 14. Nxd4 Qxd4 15. Be3 Qb4 16. 0-0-0 a6 17. Bg5 Nf8 18. Qe3 Kd7 19. Qf3 Ke8 20. Qe3 Kd7 21. a3 Qa5 22. Ne4 Kc6 23. b4 Qb5 24. Qc3+ Qc4 25. Qxc4+ dxc4 26. Rd6+ Kc7 27. Bf4 Nd7 1-0